UBT Library

Mathematical models and applications, (Record no. 1329)

000 -LEADER
fixed length control field 00609nam a22001937a 4500
008 - FIXED-LENGTH DATA ELEMENTS--GENERAL INFORMATION
fixed length control field 151021b xxu||||| |||| 00| 0 eng d
020 ## - INTERNATIONAL STANDARD BOOK NUMBER
International Standard Book Number 0135616700
041 0# - LANGUAGE CODE
Language code of text/sound track or separate title eng
080 ## - UNIVERSAL DECIMAL CLASSIFICATION NUMBER
Universal Decimal Classification number 510.67
100 1# - Rafti
Rafti Maki, Daniel P.
245 10 - TITLE STATEMENT
Title Mathematical models and applications,
Statement of responsibility, etc [by] Daniel P. Maki [and] Maynard Thompson.
260 ## -
-- Englewood Cliffs, N.J.,
-- Prentice-Hall
-- 1973.
300 ## -
-- xv, 492 f.
-- me il.;
-- 24 cm.
650 #0 -
-- Matematika
650 #0 -
-- Modelet
650 #0 -
-- Aplikimet
700 1# -
-- Thompson, Maynard,
942 ## - ADDED ENTRY ELEMENTS (KOHA)
Source of classification or shelving scheme
Item type Books
Holdings
Withdrawn status Lost status Source of classification or shelving scheme Damaged status Not for loan Collection code Permanent location Current location Shelving location Date acquired Total Checkouts Full call number Barcode Date last seen Price effective from Koha item type
          Koleksioni i përgjithshem UBT - Lipjan UBT - Lipjan Koleksioni i përgjithshem 10/21/2015   510.67 MAK 002-008442 10/21/2015 10/21/2015 Books
UBT Library © 2015-2024. All rights reserved University Education for Business and Technology